Statistiken für Relegation zur 1. Bundesliga

Klicken Sie hier um das Quiz zu spielen!

Allgemein

  • Dieses Quiz wurde 147 mal gespielt
  • Das Durchschnittsergebnis liegt bei 12 aus 15

Antwortstatistiken

Saison1. Bundesliga2. Bundesliga% Korrekt
2022/23VfB StuttgartHamburger SV
98%
2018/19VfB Stuttgart1. FC Union Berlin
98%
2011/12Hertha BSC BerlinFortuna Düsseldorf
94%
2021/22Hertha BSC BerlinHamburger SV
94%
2013/14Hamburger SVSpVgg Greuther Fürth
93%
2014/15Hamburger SVKarlsruher SC
93%
2019/20Werder Bremen1. FC Heidenheim
81%
2016/17VfL WolfsburgBTSV
79%
2017/18VfL WolfsburgHolstein Kiel
79%
2020/211. FC KölnHolstein Kiel
76%
2009/101. FC NürnbergFC Augsburg
72%
2015/16Eintracht Frankfurt1. FC Nürnberg
66%
2012/13TSG 1899 Hoffenheim1. FC Kaiserslautern
65%
2010/11Borussia MönchengladbachVfL Bochum
62%
2008/09Energie Cottbus1. FC Nürnberg
34%

Verteilung der Resultate

Perzentil nach korrekt beantworteten Fragen

Anzahl Personen mit jedem Resultat

Ihre Resultats-Entwicklung

Sie haben dieses Quiz noch nicht gespielt